Quizzes
Events
Quiz Creation
Community
Videos
Private Events
Remove Ads
Sign In
Join for FREE
Feedback
Dark Mode
Quiz Categories
Sports
Geography
Music
Movies
Television
Just For Fun
Miscellaneous
History
Literature
Language
Science
Gaming
Entertainment
Religion
Holiday
For Kids
Quiz Lab
Recent
Popular Today
Quiz Kudos Today
Editor Picks
Curator Picks
Quizzes by...
Day
Popularity
Type
Ratings
Length
Year
Community
Subscriptions
Recent Discussions
Orange Saloon
Badges
Playlists
Quests
Create
Leaderboards
Showdown
Live 5
Trivia Bingo
Activity
Puzzle Library
Sporcle Events
Private Events
Virtual Trivia
Globe League
Become a Host
Pub Owners
SporcleCon
Opinionation
Our Games
Videos
Blog
Mobile Apps
Partnerships
Remove Ads and Go Orange
Feedback
Sports
Athletes
MLB
NBA
NHL
NFL
Soccer
Sports Teams
WWE
NCAA
Football
Premier League
Basketball
Baseball
Hockey
Golf
Tennis
Cricket
Rugby
Auto Racing
Olympics
World Cup
Sports
Athletes
MLB
NBA
NHL
NFL
Soccer
Sports Teams
WWE
NCAA
Football
Premier League
Basketball
Baseball
Hockey
Golf
Tennis
Cricket
Rugby
Auto Racing
Olympics
World Cup
Random Quiz
Search Sporcle
×
Quiz Lab
Quiz Lab
Sports
Winter Sports
Type in answers that appear in a list
Type in answers that appear in a list
Classic
Best Score? Go Orange.
Four Hills Tournament 2016/2017 - Ski Jumpers Stats
Can you name the Four Hills Tournament 2016/2017 - Ski Jumpers?
By
Undercik
15m
65 Questions
147 Plays
147 Plays
147 Plays
Comments
Comments
Give Quiz Kudos
Give Quiz Kudos
-
- Ratings
hide this ad
Replay
Link that replays current quiz
Next Quiz
Link to next quiz in quiz playlist
You Got
0%
They Got
Avg Score
68%
Avg Friend Score
Upgrade to see
Score Distribution
Jump to the score distribution portion of the page
Score
0/65
Timer
15:00
0
Plays Today
Place
Ski Jumper
% Correct
1
Kamil Stoch
99.3%
9
Domen Prevc
95.2%
14
Peter Prevc
95.2%
24
Cene Prevc
94.6%
2
Piotr Żyła
93.9%
6
Stefan Kraft
93.2%
4
Maciej Kot
91.2%
11
Richard Freitag
90.5%
29
Noriaki Kasai
90.5%
3
Daniel-André Tande
89.8%
15
Dawid Kubacki
88.4%
22
Andreas Wellinger
88.4%
30
Roman Koudelka
88.4%
25
Daiki Itō
87.8%
35
Severin Freund
87.8%
19
Michael Hayböck
87.1%
7
Markus Eisenbichler
86.4%
44
Simon Ammann
84.4%
5
Manuel Fettner
83%
16
Jakub Janda
82.3%
8
Stephan Leyhe
80.3%
18
Karl Geiger
79.6%
28
Anders Fannemel
79.6%
10
Andreas Stjernen
76.9%
27
Jernej Damjan
76.9%
26
Robert Johansson
75.5%
43
Ryōyū Kobayashi
75.5%
20
Stefan Hula
74.8%
12
Jewgienij Klimow
74.1%
17
Andreas Kofler
72.1%
23
Jurij Tepeš
70.1%
54
Sebastian Colloredo
70.1%
52
Władimir Zografski
69.4%
Place
Ski Jumper
% Correct
13
Vincent Descombes Sevoie
68.7%
34
Taku Takeuchi
68%
40
MacKenzie Boyd-Clowes
66.7%
46
Dmitrij Wasiljew
66.7%
50
Klemens Murańka
65.3%
36
Andreas Wank
64.6%
63
Jan Matura
64.6%
65
Alex Insam
64.6%
31
Jan Ziobro
63.9%
45
Kevin Bickner
63.9%
49
Tom Hilde
61.2%
41
Dienis Korniłow
59.2%
47
Anže Semenič
59.2%
38
Vojtěch Štursa
58.5%
61
Daniel Huber
57.1%
32
Halvor Egner Granerud
56.5%
42
Lukáš Hlava
55.8%
53
Antti Aalto
53.7%
56
Clemens Aigner
51.7%
21
Markus Schiffner
50.3%
33
Jarkko Määttä
50.3%
51
Constantin Schmid
49%
48
Pius Paschke
48.3%
64
Philipp Aschenwald
48.3%
60
Ronan Lamy Chappuis
44.9%
55
Michael Glasder
42.2%
62
Tomáš Vančura
40.8%
59
Kento Sakuyama
40.1%
58
William Rhoads
32.7%
39
Elias Tollinger
28.6%
37
Florian Altenburger
27.9%
57
Thomas Hofer
26.5%
Quiz Playlist
Details
Report
Send in Message
Add To Playlist
Classic:
Type in answers that appear in a list
Quiz Source
Last Updated: Feb 16, 2017
Quiz Scoreboard
CHALLENGE
Sign Up to Join the Scoreboard
Show All
Scores
Hide
Comments
May contain spoilers
Recently Published
Billboard Blitz: Fleetwood Mac
by CooCooCachoo
Music
15s
Presidents Visiting Landmarks
by Hejman
History
7m
An Introduction to Baseball
by treessimontrees
Sports
5m
More to Explore
Quiz From the Vault
Featured Blog Post
Where Did the Easter Bunny Come From?
hide this ad
You Might Also Like...
Tags
fis
FIS Nordic
ski
Skiing
Winter Sports
Today's Top Quizzes in Sports
Browse Sports
hide this ad
Today's Top Quizzes in Winter Sports
Browse Winter Sports
Top Contributed Quizzes in Sports
1
Les meilleurs buteurs des matchs entre le PSG et l’OM
2
2022 World Cup Stars
3
FIFA Club World Cup Champions
4
Les entraîneurs de l'OM et du PSG au 21e siècle
5
Criteria MLB: Left Handed Sluggers
6
AFC Teams Reveal (Wrong Answers Minefield)
7
5-to-1: UK Sports Teams
8
Name the Premier League winners with different clubs
9
5-to-1: FBS Animal Nicknames
10
Players with Multiple 50 Home Run Seasons
Explore More
Trending Topics
Kpop
Anime
NBA
Harry Potter
Disney
Marvel
Crossword
Soccer
NFL
WWE
Pokémon
The Office
Country
Song
Puzzle
hide this ad
More By:
Undercik
Quiz
Plays
Rating
Category
Featured
Created
Four Hills Tournament 2015/2016 - Ski Jumpers
117
5.00
Sports
Jul 14, 2016
Top 10 of every competition in Ski Jumping WC 16/17
880
4.50
Sports
Dec 4, 2016
Every Team Robert Lewandowski has scored against
768
3.43
Sports
May 26, 2020
FIS Ski Jumping Grand Prix - Top 3 per season
238
5.00
Sports
Jul 14, 2016
Fantasy Premier League 21/22 Kings of the Gameweek
184
5.00
Sports
May 18, 2022
Four Hills Tournament 2016/2017 - Ski Jumpers
147
Sports
Jan 7, 2017
Go to Creator's Profile
Score Distribution
Quiz Creator Spotlight
Undercik
Follow
Send a Message
Quizzes Created
-
Created Quiz Play Count
-
More By This Creator
Popular Quizzes Today
1
Find the US States - No Outlines Minefield
2
Find the Countries of Europe - No Outlines Minefield
3
The Countries of the World
4
Find the US States
5
Risky Map Clicking: Biggest States A-Z
6
US States
7
Popular People in 1961
8
Movies - When Are They Set?
More Sports Quizzes
MLB 40 HR Seasons (2000s)
Published
Trending Quizzes
Risky Map Clicking: Least Populous States A-Z
1-10 Letter G Words
1-10 Letter F Words
Risky Map Clicking: Next State Alphabetically
Risky Map Clicking: Biggest States A-Z
Recently Updated
Leaping Animals
pecheneg
Reality TV Shows (A-Z)
bhenderson79
Rickey Henderson's Hall of Fame Teammates
pecheneg
Champions League XIs: Arsenal
pecheneg
Quick Pick: Celebrities in WWE's Hall of Fame
aduchscher
A-Z Keypad Blitz II
pecheneg
Multiple Oscar Actors
pecheneg
Mystery Phrase Blitz: Oscar 'Best Actors'
pecheneg
F. Scott Fitzgerald Novels
LTH
Pick 3 Villains
ddd62291
Trending Topics
Anime
Kpop
NBA
Marvel
Disney
Harry Potter
Crossword
Puzzle
NFL
WWE
Pokémon
Country
Song
Soccer
The Office
Your Account Isn't Verified!
In order to create a playlist on Sporcle, you need to verify the email address you used during registration. Go to your
Sporcle Settings
to finish the process.
Report this User
Report this user for behavior that violates our
Community Guidelines
.
Details:
Send Report
Go to the Sporcle.com Mobile Site →
Comments